[Event "April 9 Early 2024"]
[Site "Chess.com"]
[Date "2024.04.10"]
[Round "11"]
[White "Porozhnyak, Maya"]
[Black "Clawitter, Craig"]
[Result "1-0"]
[Board "148"]
[WhiteFideId "34115843"]
[BlackFideId "2023105"]
[WhiteTitle "WCM"]
[WhiteElo "2344"]
[BlackElo "2270"]
[WhiteTeam "RUS"]
[BlackTeam "USA"]
[WhiteClock "0:01:06"]
[BlackClock "0:00:00"]
[Variant "Standard"]

1. e4 {[%clk 0:03:00]}  e6 {[%clk 0:03:00]} 2. d4 {[%clk 0:03:00]}  d5 {[%clk 0:03:00]} 3. exd5 {[%clk 0:03:01]}  exd5 {[%clk 0:03:00]} 4. Qf3 {[%clk 0:03:01]}  Bd6 {[%clk 0:02:58]} 5. Bd3 {[%clk 0:03:01]}  Nf6 {[%clk 0:02:51]} 6. h3 {[%clk 0:03:01]}  O-O {[%clk 0:02:50]} 7. Ne2 {[%clk 0:03:02]}  Re8 {[%clk 0:02:43]} 8. Bg5 {[%clk 0:02:56]}  Nbd7 {[%clk 0:02:41]} 9. Nd2 {[%clk 0:02:54]}  c6 {[%clk 0:02:30]} 10. g4 {[%clk 0:02:47]}  Qa5 {[%clk 0:02:29]} 11. c3 {[%clk 0:02:42]}  b6 {[%clk 0:02:17]} 12. O-O {[%clk 0:02:15]}  Ba6 {[%clk 0:02:04]} 13. Bxa6 {[%clk 0:02:13]}  Qxa6 {[%clk 0:02:04]} 14. Rfe1 {[%clk 0:02:12]}  Ne4 {[%clk 0:01:57]} 15. Nxe4 {[%clk 0:02:08]}  dxe4 {[%clk 0:01:58]} 16. Qe3 {[%clk 0:02:00]}  Re6 {[%clk 0:01:39]} 17. Nf4 {[%clk 0:01:35]}  Bxf4 {[%clk 0:01:39]} 18. Bxf4 {[%clk 0:01:36]}  Nf6 {[%clk 0:01:37]} 19. Be5 {[%clk 0:01:32]}  Rae8 {[%clk 0:00:00]} 20. Re2 {[%clk 0:01:06]} 1-0

[Event "April 9 Early 2024"]
[Site "Chess.com"]
[Date "2024.04.09"]
[Round "11"]
[White "Alcazar Jimenez, Jesus Alberto"]
[Black "Chemin, Vitorio"]
[Result "1-0"]
[Board "150"]
[WhiteFideId "2209756"]
[BlackFideId "2100509"]
[WhiteTitle "FM"]
[BlackTitle "FM"]
[WhiteElo "2329"]
[BlackElo "2042"]
[WhiteTeam "ESP"]
[BlackTeam "BRA"]
[WhiteClock "0:00:06"]
[BlackClock "0:00:40"]
[Variant "Standard"]

1. e4 {[%clk 0:03:00]}  c5 {[%clk 0:02:59]} 2. Nf3 {[%clk 0:03:00]}  Nc6 {[%clk 0:02:59]} 3. Bb5 {[%clk 0:02:59]}  e6 {[%clk 0:02:58]} 4. Bxc6 {[%clk 0:02:57]}  bxc6 {[%clk 0:02:57]} 5. b3 {[%clk 0:02:55]}  d5 {[%clk 0:02:57]} 6. e5 {[%clk 0:02:53]}  f6 {[%clk 0:02:56]} 7. O-O {[%clk 0:02:36]}  fxe5 {[%clk 0:02:51]} 8. Nxe5 {[%clk 0:02:36]}  Nf6 {[%clk 0:02:51]} 9. d3 {[%clk 0:02:30]}  Bd6 {[%clk 0:02:50]} 10. Re1 {[%clk 0:02:31]}  Qc7 {[%clk 0:02:50]} 11. Bf4 {[%clk 0:02:22]}  O-O {[%clk 0:02:49]} 12. Bg3 {[%clk 0:02:21]}  a5 {[%clk 0:02:35]} 13. a4 {[%clk 0:02:13]}  Bd7 {[%clk 0:02:34]} 14. c4 {[%clk 0:02:12]}  Be8 {[%clk 0:02:33]} 15. Nc3 {[%clk 0:02:10]}  Bh5 {[%clk 0:02:30]} 16. f3 {[%clk 0:02:06]}  Nd7 {[%clk 0:02:21]} 17. Qe2 {[%clk 0:02:05]}  Nxe5 {[%clk 0:02:16]} 18. Bxe5 {[%clk 0:02:05]}  Bxe5 {[%clk 0:02:16]} 19. Qxe5 {[%clk 0:02:05]}  Qxe5 {[%clk 0:02:16]} 20. Rxe5 {[%clk 0:02:05]}  Rfe8 {[%clk 0:02:14]} 21. Ne2 {[%clk 0:01:54]}  Bf7 {[%clk 0:02:11]} 22. Nf4 {[%clk 0:01:47]}  Rab8 {[%clk 0:02:09]} 23. Rb1 {[%clk 0:01:37]}  Rb4 {[%clk 0:02:05]} 24. Kf2 {[%clk 0:01:33]}  h6 {[%clk 0:02:04]} 25. h4 {[%clk 0:01:33]}  Kf8 {[%clk 0:02:03]} 26. Ke1 {[%clk 0:01:28]}  Ke7 {[%clk 0:01:57]} 27. Kd2 {[%clk 0:01:25]}  Kd6 {[%clk 0:01:56]} 28. Ree1 {[%clk 0:01:23]}  Reb8 {[%clk 0:01:55]} 29. Kc2 {[%clk 0:01:22]}  e5 {[%clk 0:01:52]} 30. Ne2 {[%clk 0:00:51]}  Bg6 {[%clk 0:01:47]} 31. Nc3 {[%clk 0:00:27]}  h5 {[%clk 0:01:18]} 32. g4 {[%clk 0:00:25]}  hxg4 {[%clk 0:01:17]} 33. fxg4 {[%clk 0:00:25]}  Bh7 {[%clk 0:01:17]} 34. h5 {[%clk 0:00:15]}  dxc4 {[%clk 0:01:14]} 35. bxc4 {[%clk 0:00:13]}  Rxb1 {[%clk 0:01:13]} 36. Rxb1 {[%clk 0:00:14]}  Rxb1 {[%clk 0:01:12]} 37. Nxb1 {[%clk 0:00:14]}  e4 {[%clk 0:01:12]} 38. dxe4 {[%clk 0:00:05]}  Bxe4+ {[%clk 0:01:11]} 39. Kc1 {[%clk 0:00:05]}  Bf3 {[%clk 0:00:55]} 40. g5 {[%clk 0:00:05]}  Bxh5 {[%clk 0:00:55]} 41. Nd2 {[%clk 0:00:06]}  Ke5 {[%clk 0:00:54]} 42. Nb3 {[%clk 0:00:06]}  Be2 {[%clk 0:00:50]} 43. Nxa5 {[%clk 0:00:05]}  Kd4 {[%clk 0:00:50]} 44. Kd2 {[%clk 0:00:05]}  Bxc4 {[%clk 0:00:48]} 45. Nxc6+ {[%clk 0:00:05]}  Kd5 {[%clk 0:00:48]} 46. Ne7+ {[%clk 0:00:05]}  Ke4 {[%clk 0:00:47]} 47. a5 {[%clk 0:00:05]}  Bb5 {[%clk 0:00:45]} 48. Nc8 {[%clk 0:00:03]}  Kf5 {[%clk 0:00:44]} 49. Nd6+ {[%clk 0:00:03]}  Kxg5 {[%clk 0:00:42]} 50. Nxb5 {[%clk 0:00:04]}  Kf4 {[%clk 0:00:42]} 51. a6 {[%clk 0:00:05]}  g5 {[%clk 0:00:41]} 52. a7 {[%clk 0:00:06]}  g4 {[%clk 0:00:42]} 53. a8=Q {[%clk 0:00:07]}  g3 {[%clk 0:00:42]} 54. Qf8+ {[%clk 0:00:07]}  Kg4 {[%clk 0:00:42]} 55. Ke3 {[%clk 0:00:07]}  Kh3 {[%clk 0:00:42]} 56. Qf3 {[%clk 0:00:07]}  Kh2 {[%clk 0:00:41]} 57. Qf4 {[%clk 0:00:06]}  Kh3 {[%clk 0:00:40]} 58. Kf3 {[%clk 0:00:06]}  g2 {[%clk 0:00:40]} 59. Qg3# {[%clk 0:00:06]} 1-0

[Event "April 9 Early 2024"]
[Site "Chess.com"]
[Date "2024.04.09"]
[Round "11"]
[White "Dwilewicz, Katarzyna"]
[Black "Yevchenko, Oleksandr"]
[Result "1-0"]
[Board "152"]
[WhiteFideId "1148486"]
[BlackFideId "14108267"]
[WhiteTitle "WFM"]
[BlackTitle "CM"]
[WhiteElo "2443"]
[BlackElo "2248"]
[WhiteTeam "POL"]
[BlackTeam "UKR"]
[WhiteClock "0:00:05"]
[BlackClock "0:00:00"]
[Variant "Standard"]

1. e4 {[%clk 0:03:00]}  c5 {[%clk 0:02:57]} 2. Nf3 {[%clk 0:03:00]}  d6 {[%clk 0:02:57]} 3. d4 {[%clk 0:03:00]}  cxd4 {[%clk 0:02:57]} 4. Nxd4 {[%clk 0:03:01]}  Nf6 {[%clk 0:02:57]} 5. Nc3 {[%clk 0:03:02]}  a6 {[%clk 0:02:58]} 6. Be3 {[%clk 0:03:01]}  Ng4 {[%clk 0:02:51]} 7. Bg5 {[%clk 0:02:59]}  h6 {[%clk 0:02:50]} 8. Bh4 {[%clk 0:02:59]}  g5 {[%clk 0:02:50]} 9. Bg3 {[%clk 0:02:59]}  Bg7 {[%clk 0:02:51]} 10. h3 {[%clk 0:02:57]}  Ne5 {[%clk 0:02:50]} 11. Qd2 {[%clk 0:02:55]}  Nbc6 {[%clk 0:02:41]} 12. Nb3 {[%clk 0:02:52]}  b5 {[%clk 0:02:26]} 13. O-O-O {[%clk 0:02:50]}  Nc4 {[%clk 0:02:13]} 14. Qd5 {[%clk 0:02:23]}  Bb7 {[%clk 0:01:21]} 15. Bxc4 {[%clk 0:02:22]}  bxc4 {[%clk 0:01:15]} 16. Qxc4 {[%clk 0:02:22]}  Rc8 {[%clk 0:01:13]} 17. Nd5 {[%clk 0:02:02]}  Nd4 {[%clk 0:00:55]} 18. Qa4+ {[%clk 0:01:53]}  Bc6 {[%clk 0:00:50]} 19. Qxa6 {[%clk 0:01:49]}  Nxc2 {[%clk 0:00:43]} 20. Kb1 {[%clk 0:01:38]}  Bxd5 {[%clk 0:00:21]} 21. Rxd5 {[%clk 0:01:27]}  O-O {[%clk 0:00:21]} 22. Rc1 {[%clk 0:01:16]}  Ra8 {[%clk 0:00:18]} 23. Qc4 {[%clk 0:00:53]}  Rc8 {[%clk 0:00:15]} 24. Qa4 {[%clk 0:00:43]}  Ra8 {[%clk 0:00:14]} 25. Ra5 {[%clk 0:00:40]}  Rxa5 {[%clk 0:00:09]} 26. Qxa5 {[%clk 0:00:41]}  Qxa5 {[%clk 0:00:07]} 27. Nxa5 {[%clk 0:00:42]}  Nb4 {[%clk 0:00:06]} 28. Nc6 {[%clk 0:00:36]}  Nd3 {[%clk 0:00:06]} 29. Nxe7+ {[%clk 0:00:29]}  Kh7 {[%clk 0:00:06]} 30. Rc2 {[%clk 0:00:29]}  Rb8 {[%clk 0:00:05]} 31. Nc6 {[%clk 0:00:25]}  Rb6 {[%clk 0:00:05]} 32. b3 {[%clk 0:00:20]}  Nc5 {[%clk 0:00:03]} 33. Na5 {[%clk 0:00:17]}  Nxe4 {[%clk 0:00:03]} 34. Nc4 {[%clk 0:00:16]}  Rc6 {[%clk 0:00:02]} 35. Nxd6 {[%clk 0:00:13]}  Nc3+ {[%clk 0:00:02]} 36. Kc1 {[%clk 0:00:10]}  Nxa2+ {[%clk 0:00:03]} 37. Kd1 {[%clk 0:00:11]}  Nc3+ {[%clk 0:00:03]} 38. Ke1 {[%clk 0:00:11]}  Ra6 {[%clk 0:00:03]} 39. f3 {[%clk 0:00:07]}  Ra1+ {[%clk 0:00:03]} 40. Kd2 {[%clk 0:00:08]}  Rd1+ {[%clk 0:00:02]} 41. Ke3 {[%clk 0:00:07]}  Nd5+ {[%clk 0:00:02]} 42. Ke2 {[%clk 0:00:07]}  Rb1 {[%clk 0:00:00]} 43. Nf5 {[%clk 0:00:05]} 1-0

[Event "April 9 Early 2024"]
[Site "Chess.com"]
[Date "2024.04.09"]
[Round "11"]
[White "Omariev, Maksim"]
[Black "Yushko, Olga"]
[Result "1-0"]
[Board "153"]
[WhiteFideId "4193423"]
[BlackFideId "14114500"]
[WhiteTitle "FM"]
[BlackTitle "WFM"]
[WhiteElo "2403"]
[BlackElo "2246"]
[WhiteTeam "RUS"]
[BlackTeam "UKR"]
[WhiteClock "0:00:03"]
[BlackClock "0:00:00"]
[Variant "Standard"]

1. g4 {[%clk 0:02:52]}  e6 {[%clk 0:02:55]} 2. Bg2 {[%clk 0:02:52]}  d5 {[%clk 0:02:55]} 3. h3 {[%clk 0:02:52]}  Nf6 {[%clk 0:02:55]} 4. d4 {[%clk 0:02:53]}  c5 {[%clk 0:02:54]} 5. c3 {[%clk 0:02:52]}  Nc6 {[%clk 0:02:54]} 6. Nf3 {[%clk 0:02:53]}  cxd4 {[%clk 0:02:54]} 7. cxd4 {[%clk 0:02:53]}  Be7 {[%clk 0:02:53]} 8. Nc3 {[%clk 0:02:52]}  Bd7 {[%clk 0:02:51]} 9. Bf4 {[%clk 0:02:53]}  a6 {[%clk 0:02:49]} 10. e3 {[%clk 0:02:52]}  b5 {[%clk 0:02:49]} 11. O-O {[%clk 0:02:41]}  O-O {[%clk 0:02:49]} 12. Rc1 {[%clk 0:02:40]}  Qb6 {[%clk 0:02:38]} 13. Bh2 {[%clk 0:02:24]}  Rfc8 {[%clk 0:02:34]} 14. Nd2 {[%clk 0:02:17]}  Na5 {[%clk 0:02:28]} 15. Nf3 {[%clk 0:02:13]}  Nc4 {[%clk 0:02:28]} 16. b3 {[%clk 0:01:58]}  Nd6 {[%clk 0:02:27]} 17. Ne5 {[%clk 0:01:55]}  Be8 {[%clk 0:02:23]} 18. g5 {[%clk 0:01:26]}  Nfe4 {[%clk 0:02:23]} 19. Nxe4 {[%clk 0:01:25]}  Nxe4 {[%clk 0:02:18]} 20. h4 {[%clk 0:01:19]}  Rxc1 {[%clk 0:02:10]} 21. Qxc1 {[%clk 0:01:19]}  Qb7 {[%clk 0:01:44]} 22. Qb2 {[%clk 0:01:06]}  Rc8 {[%clk 0:01:39]} 23. Rc1 {[%clk 0:00:57]}  Bb4 {[%clk 0:01:38]} 24. Rc2 {[%clk 0:00:42]}  Bc3 {[%clk 0:01:13]} 25. Qc1 {[%clk 0:00:41]}  b4 {[%clk 0:01:11]} 26. f3 {[%clk 0:00:31]}  Nd6 {[%clk 0:01:11]} 27. Nd3 {[%clk 0:00:29]}  Qc6 {[%clk 0:00:50]} 28. Nxb4 {[%clk 0:00:26]}  Bxb4 {[%clk 0:00:48]} 29. Rxc6 {[%clk 0:00:26]}  Rxc6 {[%clk 0:00:48]} 30. Qb2 {[%clk 0:00:22]}  Nb5 {[%clk 0:00:46]} 31. Bf1 {[%clk 0:00:20]}  Ba3 {[%clk 0:00:43]} 32. Qd2 {[%clk 0:00:18]}  Rc1 {[%clk 0:00:41]} 33. Qa5 {[%clk 0:00:17]}  Bb2 {[%clk 0:00:29]} 34. Qd8 {[%clk 0:00:09]}  Kf8 {[%clk 0:00:24]} 35. a4 {[%clk 0:00:10]}  Ba3 {[%clk 0:00:14]} 36. axb5 {[%clk 0:00:08]}  axb5 {[%clk 0:00:14]} 37. Bd6+ {[%clk 0:00:08]}  Bxd6 {[%clk 0:00:13]} 38. Qxd6+ {[%clk 0:00:09]}  Kg8 {[%clk 0:00:13]} 39. Qd8 {[%clk 0:00:06]}  Kf8 {[%clk 0:00:13]} 40. b4 {[%clk 0:00:07]}  Ra1 {[%clk 0:00:08]} 41. Kf2 {[%clk 0:00:07]}  Ra2+ {[%clk 0:00:09]} 42. Kg3 {[%clk 0:00:07]}  Ra7 {[%clk 0:00:01]} 43. Bxb5 {[%clk 0:00:07]}  Re7 {[%clk 0:00:02]} 44. Bc6 {[%clk 0:00:06]}  f6 {[%clk 0:00:02]} 45. b5 {[%clk 0:00:04]}  Kf7 {[%clk 0:00:02]} 46. Bxe8+ {[%clk 0:00:05]}  Rxe8 {[%clk 0:00:00]} 47. Qd6 {[%clk 0:00:03]} 1-0

[Event "April 9 Early 2024"]
[Site "Chess.com"]
[Date "2024.04.09"]
[Round "11"]
[White "Sovetbekova, Nurai"]
[Black "Kiseljova, Marya"]
[Result "1-0"]
[Board "155"]
[WhiteFideId "13801910"]
[BlackFideId "4155009"]
[WhiteTitle "WFM"]
[BlackTitle "WFM"]
[WhiteElo "2341"]
[BlackElo "2237"]
[WhiteTeam "KGZ"]
[BlackTeam "RUS"]
[WhiteClock "0:01:14"]
[BlackClock "0:00:11"]
[Variant "Standard"]

1. d4 {[%clk 0:03:00]}  d5 {[%clk 0:02:58]} 2. c4 {[%clk 0:03:01]}  e6 {[%clk 0:02:58]} 3. Nc3 {[%clk 0:03:01]}  Nf6 {[%clk 0:02:58]} 4. cxd5 {[%clk 0:03:02]}  exd5 {[%clk 0:02:59]} 5. Bg5 {[%clk 0:03:02]}  Be7 {[%clk 0:02:59]} 6. e3 {[%clk 0:03:02]}  h6 {[%clk 0:02:59]} 7. Bh4 {[%clk 0:03:02]}  Bg4 {[%clk 0:03:00]} 8. Qc2 {[%clk 0:02:58]}  Nbd7 {[%clk 0:02:50]} 9. Bd3 {[%clk 0:02:57]}  c5 {[%clk 0:02:46]} 10. dxc5 {[%clk 0:02:53]}  Nxc5 {[%clk 0:02:45]} 11. Bb5+ {[%clk 0:02:53]}  Bd7 {[%clk 0:02:37]} 12. Bxd7+ {[%clk 0:02:50]}  Qxd7 {[%clk 0:02:38]} 13. Nf3 {[%clk 0:02:51]}  O-O {[%clk 0:02:32]} 14. O-O {[%clk 0:02:50]}  Rac8 {[%clk 0:02:29]} 15. Qe2 {[%clk 0:02:43]}  Rfd8 {[%clk 0:02:23]} 16. Rfd1 {[%clk 0:02:42]}  Qe6 {[%clk 0:01:47]} 17. Nd4 {[%clk 0:02:40]}  Qb6 {[%clk 0:01:40]} 18. h3 {[%clk 0:02:36]}  a6 {[%clk 0:01:33]} 19. Rac1 {[%clk 0:02:34]}  Ne6 {[%clk 0:01:25]} 20. Nf5 {[%clk 0:02:27]}  Bf8 {[%clk 0:01:02]} 21. Nxh6+ {[%clk 0:02:24]}  gxh6 {[%clk 0:00:45]} 22. Bxf6 {[%clk 0:02:23]}  d4 {[%clk 0:00:37]} 23. Bxd8 {[%clk 0:02:21]}  Rxd8 {[%clk 0:00:33]} 24. exd4 {[%clk 0:02:21]}  Nxd4 {[%clk 0:00:28]} 25. Qg4+ {[%clk 0:02:21]}  Bg7 {[%clk 0:00:27]} 26. Ne4 {[%clk 0:02:20]}  Qe6 {[%clk 0:00:21]} 27. Qxe6 {[%clk 0:02:17]}  fxe6 {[%clk 0:00:21]} 28. Kf1 {[%clk 0:02:14]}  e5 {[%clk 0:00:19]} 29. Rc7 {[%clk 0:02:09]}  b5 {[%clk 0:00:19]} 30. Nc3 {[%clk 0:02:06]}  Rf8 {[%clk 0:00:18]} 31. Ne2 {[%clk 0:02:01]}  Nf5 {[%clk 0:00:17]} 32. Ke1 {[%clk 0:01:59]}  e4 {[%clk 0:00:16]} 33. Nc3 {[%clk 0:01:55]}  e3 {[%clk 0:00:15]} 34. fxe3 {[%clk 0:01:52]}  Nxe3 {[%clk 0:00:15]} 35. Rdd7 {[%clk 0:01:53]}  Nxg2+ {[%clk 0:00:15]} 36. Kd2 {[%clk 0:01:50]}  Rf2+ {[%clk 0:00:14]} 37. Kd3 {[%clk 0:01:47]}  Rf3+ {[%clk 0:00:13]} 38. Ke2 {[%clk 0:01:45]}  Rg3 {[%clk 0:00:10]} 39. Kf2 {[%clk 0:01:41]}  Rg6 {[%clk 0:00:10]} 40. Rxg7+ {[%clk 0:01:41]}  Rxg7 {[%clk 0:00:09]} 41. Rxg7+ {[%clk 0:01:42]}  Kxg7 {[%clk 0:00:10]} 42. Kxg2 {[%clk 0:01:42]}  Kf6 {[%clk 0:00:10]} 43. Kf3 {[%clk 0:01:42]}  Ke5 {[%clk 0:00:10]} 44. Kg4 {[%clk 0:01:38]}  Kd4 {[%clk 0:00:10]} 45. Kh5 {[%clk 0:01:39]}  Kd3 {[%clk 0:00:10]} 46. Kxh6 {[%clk 0:01:38]}  Kc2 {[%clk 0:00:11]} 47. a4 {[%clk 0:01:34]}  b4 {[%clk 0:00:08]} 48. Nd5 {[%clk 0:01:29]}  a5 {[%clk 0:00:08]} 49. Nxb4+ {[%clk 0:01:08]}  axb4 {[%clk 0:00:07]} 50. a5 {[%clk 0:01:09]}  Kxb2 {[%clk 0:00:08]} 51. a6 {[%clk 0:01:10]}  Kc2 {[%clk 0:00:08]} 52. a7 {[%clk 0:01:11]}  b3 {[%clk 0:00:09]} 53. a8=Q {[%clk 0:01:12]}  b2 {[%clk 0:00:10]} 54. Qe4+ {[%clk 0:01:12]}  Kc1 {[%clk 0:00:09]} 55. Kg7 {[%clk 0:01:10]}  b1=Q {[%clk 0:00:09]} 56. Qxb1+ {[%clk 0:01:10]}  Kxb1 {[%clk 0:00:10]} 57. h4 {[%clk 0:01:10]}  Kc2 {[%clk 0:00:10]} 58. h5 {[%clk 0:01:11]}  Kd3 {[%clk 0:00:11]} 59. h6 {[%clk 0:01:12]}  Ke4 {[%clk 0:00:12]} 60. h7 {[%clk 0:01:13]}  Kf5 {[%clk 0:00:11]} 61. h8=Q {[%clk 0:01:14]} 1-0

[Event "April 9 Early 2024"]
[Site "Chess.com"]
[Date "2024.04.09"]
[Round "11"]
[White "Rose, Felix"]
[Black "Cardozo Munar, Carlos Eduardo"]
[Result "0-1"]
[Board "158"]
[WhiteFideId "5105722"]
[BlackFideId "4409477"]
[WhiteTitle "CM"]
[BlackTitle "FM"]
[WhiteElo "2314"]
[BlackElo "2204"]
[WhiteTeam "MEX"]
[BlackTeam "COL"]
[WhiteClock "0:00:00"]
[BlackClock "0:00:21"]
[Variant "Standard"]

1. e4 {[%clk 0:02:59]}  e6 {[%clk 0:02:57]} 2. d4 {[%clk 0:03:00]}  d5 {[%clk 0:02:58]} 3. Nc3 {[%clk 0:03:00]}  Nf6 {[%clk 0:02:57]} 4. e5 {[%clk 0:03:00]}  Nfd7 {[%clk 0:02:57]} 5. f4 {[%clk 0:03:01]}  c5 {[%clk 0:02:57]} 6. Nf3 {[%clk 0:03:01]}  Nc6 {[%clk 0:02:58]} 7. Be3 {[%clk 0:03:01]}  Qb6 {[%clk 0:02:58]} 8. Na4 {[%clk 0:03:01]}  Qc7 {[%clk 0:02:55]} 9. Nxc5 {[%clk 0:02:56]}  Nxd4 {[%clk 0:02:52]} 10. Nxd4 {[%clk 0:02:48]}  Bxc5 {[%clk 0:02:50]} 11. Bb5 {[%clk 0:02:44]}  O-O {[%clk 0:02:48]} 12. Bxd7 {[%clk 0:02:44]}  Bxd7 {[%clk 0:02:48]} 13. Qd2 {[%clk 0:02:44]}  a6 {[%clk 0:02:47]} 14. O-O-O {[%clk 0:02:37]}  Rfc8 {[%clk 0:02:43]} 15. Kb1 {[%clk 0:02:35]}  b5 {[%clk 0:02:15]} 16. h4 {[%clk 0:02:34]}  b4 {[%clk 0:02:02]} 17. h5 {[%clk 0:02:33]}  a5 {[%clk 0:02:02]} 18. h6 {[%clk 0:02:33]}  g6 {[%clk 0:02:02]} 19. g4 {[%clk 0:02:33]}  a4 {[%clk 0:02:02]} 20. Rhe1 {[%clk 0:02:17]}  b3 {[%clk 0:01:56]} 21. cxb3 {[%clk 0:02:15]}  a3 {[%clk 0:01:55]} 22. f5 {[%clk 0:02:05]}  exf5 {[%clk 0:01:50]} 23. gxf5 {[%clk 0:02:05]}  Bxd4 {[%clk 0:01:50]} 24. Bxd4 {[%clk 0:01:34]}  Bxf5+ {[%clk 0:01:49]} 25. Ka1 {[%clk 0:01:34]}  axb2+ {[%clk 0:01:48]} 26. Qxb2 {[%clk 0:01:33]}  Qc2 {[%clk 0:01:42]} 27. Rc1 {[%clk 0:01:25]}  Qxb2+ {[%clk 0:01:38]} 28. Kxb2 {[%clk 0:01:24]}  Kf8 {[%clk 0:01:15]} 29. a4 {[%clk 0:01:20]}  Ke7 {[%clk 0:01:08]} 30. Rxc8 {[%clk 0:01:17]}  Bxc8 {[%clk 0:01:06]} 31. Rc1 {[%clk 0:01:15]}  g5 {[%clk 0:01:02]} 32. Ka3 {[%clk 0:00:58]}  Bd7 {[%clk 0:01:01]} 33. Rg1 {[%clk 0:00:53]}  g4 {[%clk 0:00:59]} 34. Bc3 {[%clk 0:00:48]}  Rc8 {[%clk 0:00:56]} 35. Rg3 {[%clk 0:00:48]}  Ke6 {[%clk 0:00:49]} 36. b4 {[%clk 0:00:44]}  Kf5 {[%clk 0:00:49]} 37. b5 {[%clk 0:00:41]}  Kf4 {[%clk 0:00:49]} 38. Rg1 {[%clk 0:00:39]}  Rxc3+ {[%clk 0:00:48]} 39. Kb4 {[%clk 0:00:39]}  Rc4+ {[%clk 0:00:46]} 40. Ka5 {[%clk 0:00:39]}  Kxe5 {[%clk 0:00:44]} 41. Rf1 {[%clk 0:00:34]}  f5 {[%clk 0:00:42]} 42. Re1+ {[%clk 0:00:34]}  Kd6 {[%clk 0:00:42]} 43. Ra1 {[%clk 0:00:24]}  g3 {[%clk 0:00:40]} 44. Ra3 {[%clk 0:00:23]}  f4 {[%clk 0:00:38]} 45. b6 {[%clk 0:00:22]}  g2 {[%clk 0:00:29]} 46. b7 {[%clk 0:00:17]}  Kc7 {[%clk 0:00:28]} 47. Ka6 {[%clk 0:00:17]}  Rxa4+ {[%clk 0:00:20]} 48. Rxa4 {[%clk 0:00:17]}  Bxa4 {[%clk 0:00:21]} 49. Ka7 {[%clk 0:00:18]}  g1=Q+ {[%clk 0:00:21]} 50. Ka8 {[%clk 0:00:00]}  Qb6 {[%clk 0:00:21]} 0-1

[Event "April 9 Early 2024"]
[Site "Chess.com"]
[Date "2024.04.09"]
[Round "11"]
[White "Mende, Andreas"]
[Black "Schut, Han"]
[Result "0-1"]
[Board "162"]
[WhiteFideId "4631102"]
[BlackFideId "1005561"]
[WhiteTitle "CM"]
[BlackTitle "CM"]
[WhiteElo "2025"]
[BlackElo "2268"]
[WhiteTeam "GER"]
[BlackTeam "NED"]
[WhiteClock "0:00:31"]
[BlackClock "0:00:40"]
[Variant "Standard"]

1. c4 {[%clk 0:02:59]}  Nf6 {[%clk 0:02:57]} 2. g3 {[%clk 0:03:00]}  g6 {[%clk 0:02:54]} 3. Bg2 {[%clk 0:02:59]}  d5 {[%clk 0:02:55]} 4. cxd5 {[%clk 0:02:59]}  Nxd5 {[%clk 0:02:56]} 5. Nc3 {[%clk 0:02:59]}  Nb6 {[%clk 0:02:54]} 6. d3 {[%clk 0:02:59]}  Bg7 {[%clk 0:02:55]} 7. Be3 {[%clk 0:02:59]}  O-O {[%clk 0:02:51]} 8. Qd2 {[%clk 0:02:59]}  c5 {[%clk 0:02:45]} 9. Bh6 {[%clk 0:02:58]}  c4 {[%clk 0:02:45]} 10. Bxg7 {[%clk 0:02:57]}  Kxg7 {[%clk 0:02:45]} 11. h4 {[%clk 0:02:57]}  h5 {[%clk 0:02:44]} 12. d4 {[%clk 0:02:52]}  Nc6 {[%clk 0:02:38]} 13. Nf3 {[%clk 0:02:48]}  Bg4 {[%clk 0:02:37]} 14. Rd1 {[%clk 0:02:43]}  Qd7 {[%clk 0:02:19]} 15. Ne5 {[%clk 0:02:37]}  Nxe5 {[%clk 0:02:12]} 16. dxe5 {[%clk 0:02:35]}  Qxd2+ {[%clk 0:01:57]} 17. Rxd2 {[%clk 0:02:35]}  Rab8 {[%clk 0:01:57]} 18. O-O {[%clk 0:02:29]}  Rfc8 {[%clk 0:01:49]} 19. Rfd1 {[%clk 0:02:28]}  Rc7 {[%clk 0:01:49]} 20. Rd8 {[%clk 0:02:26]}  Rxd8 {[%clk 0:01:45]} 21. Rxd8 {[%clk 0:02:26]}  a6 {[%clk 0:01:46]} 22. a4 {[%clk 0:02:22]}  Be6 {[%clk 0:01:41]} 23. a5 {[%clk 0:02:20]}  Nd7 {[%clk 0:01:41]} 24. f4 {[%clk 0:02:15]}  Nc5 {[%clk 0:01:34]} 25. Kf2 {[%clk 0:02:07]}  Nb3 {[%clk 0:01:32]} 26. Nd5 {[%clk 0:01:35]}  Bxd5 {[%clk 0:01:24]} 27. Bxd5 {[%clk 0:01:34]}  e6 {[%clk 0:01:24]} 28. Be4 {[%clk 0:01:23]}  Nxa5 {[%clk 0:01:23]} 29. g4 {[%clk 0:01:22]}  hxg4 {[%clk 0:01:22]} 30. Kg3 {[%clk 0:01:17]}  Nb3 {[%clk 0:01:19]} 31. Kxg4 {[%clk 0:01:16]}  Nc5 {[%clk 0:01:20]} 32. Bc2 {[%clk 0:01:14]}  b5 {[%clk 0:01:18]} 33. h5 {[%clk 0:01:12]}  gxh5+ {[%clk 0:01:18]} 34. Kxh5 {[%clk 0:01:12]}  b4 {[%clk 0:01:19]} 35. f5 {[%clk 0:01:07]}  exf5 {[%clk 0:01:17]} 36. Bxf5 {[%clk 0:01:07]}  Ne6 {[%clk 0:00:56]} 37. Rd6 {[%clk 0:01:03]}  c3 {[%clk 0:00:53]} 38. bxc3 {[%clk 0:01:00]}  bxc3 {[%clk 0:00:54]} 39. Bc2 {[%clk 0:00:59]}  Rc5 {[%clk 0:00:48]} 40. Kg4 {[%clk 0:00:47]}  Rxe5 {[%clk 0:00:46]} 41. Kf3 {[%clk 0:00:47]}  Rc5 {[%clk 0:00:40]} 42. Rxa6 {[%clk 0:00:31]}  Nd4+ {[%clk 0:00:40]} 0-1

[Event "April 9 Early 2024"]
[Site "Chess.com"]
[Date "2024.04.10"]
[Round "11"]
[White "Denis Kozlov"]
[Black "Murthy, Pappu"]
[Result "1-0"]
[Board "163"]
[WhiteFideId "54104319"]
[BlackFideId "2013401"]
[WhiteTitle "FM"]
[WhiteElo "2259"]
[BlackElo "1967"]
[WhiteTeam "RUS"]
[BlackTeam "USA"]
[WhiteClock "0:00:19"]
[BlackClock "0:00:40"]
[Variant "Standard"]

1. d4 {[%clk 0:03:00]}  Nf6 {[%clk 0:02:59]} 2. c4 {[%clk 0:03:00]}  c5 {[%clk 0:02:58]} 3. d5 {[%clk 0:03:00]}  b5 {[%clk 0:02:58]} 4. Nf3 {[%clk 0:03:01]}  e6 {[%clk 0:02:49]} 5. Bg5 {[%clk 0:02:59]}  bxc4 {[%clk 0:02:47]} 6. e4 {[%clk 0:02:49]}  h6 {[%clk 0:02:44]} 7. Bxf6 {[%clk 0:02:36]}  Qxf6 {[%clk 0:02:43]} 8. Nc3 {[%clk 0:02:31]}  Ba6 {[%clk 0:02:35]} 9. e5 {[%clk 0:02:13]}  Qf4 {[%clk 0:02:29]} 10. g3 {[%clk 0:02:08]}  Qg4 {[%clk 0:02:22]} 11. Bg2 {[%clk 0:02:01]}  Be7 {[%clk 0:02:21]} 12. O-O {[%clk 0:01:34]}  Bb7 {[%clk 0:02:18]} 13. h3 {[%clk 0:01:27]}  Qg6 {[%clk 0:02:14]} 14. d6 {[%clk 0:01:19]}  Bd8 {[%clk 0:02:13]} 15. Nh4 {[%clk 0:01:19]}  Bxh4 {[%clk 0:02:06]} 16. Bxb7 {[%clk 0:01:19]}  Nc6 {[%clk 0:01:44]} 17. Bxa8 {[%clk 0:01:12]}  Bxg3 {[%clk 0:01:42]} 18. Qg4 {[%clk 0:01:11]}  Qxg4 {[%clk 0:01:39]} 19. hxg4 {[%clk 0:01:11]}  Bxe5 {[%clk 0:01:36]} 20. Bxc6 {[%clk 0:01:03]}  dxc6 {[%clk 0:01:35]} 21. Rac1 {[%clk 0:00:45]}  Kd7 {[%clk 0:01:31]} 22. Na4 {[%clk 0:00:42]}  Kxd6 {[%clk 0:01:26]} 23. Rfd1+ {[%clk 0:00:36]}  Bd4 {[%clk 0:01:25]} 24. Rxc4 {[%clk 0:00:36]}  Rb8 {[%clk 0:01:25]} 25. Nxc5 {[%clk 0:00:32]}  e5 {[%clk 0:01:20]} 26. Nb3 {[%clk 0:00:28]}  Kd5 {[%clk 0:01:12]} 27. Rc5+ {[%clk 0:00:27]}  Ke4 {[%clk 0:01:05]} 28. Rxc6 {[%clk 0:00:23]}  Bxb2 {[%clk 0:00:58]} 29. Rc4+ {[%clk 0:00:20]}  Kf3 {[%clk 0:00:51]} 30. Rd3+ {[%clk 0:00:19]}  Ke2 {[%clk 0:00:50]} 31. Rd2+ {[%clk 0:00:19]}  Kf3 {[%clk 0:00:46]} 32. Rxb2 {[%clk 0:00:20]}  e4 {[%clk 0:00:45]} 33. Nd2+ {[%clk 0:00:19]}  Kxg4 {[%clk 0:00:44]} 34. Rxb8 {[%clk 0:00:19]}  f5 {[%clk 0:00:42]} 35. Nxe4 {[%clk 0:00:19]}  g5 {[%clk 0:00:41]} 36. Nf6+ {[%clk 0:00:18]}  Kh3 {[%clk 0:00:40]} 37. Rb3# {[%clk 0:00:19]} 1-0